| 000 | 00801nam a2200265 i 4500 | ||
|---|---|---|---|
| 001 | 133660 | ||
| 003 | ES-MaACL | ||
| 005 | 20230906194506.0 | ||
| 007 | t| | ||
| 008 | 070824s1994 sp ||||1| spa d | ||
| 020 | _a84-7522-483-0 | ||
| 080 | _a81 | ||
| 100 | 1 |
_aConteras, Lidia. _940281 |
|
| 245 | 1 | 0 |
_aOrtografía y grafémica / _cLidi Contreras. |
| 250 | _a1ª ed. | ||
| 260 |
_aMadrid : _bVisor, _c[1994] |
||
| 300 |
_a221 p. ; _c21 cm. |
||
| 490 | 1 |
_aBiblioteca gráfica de la lengua española ; _v4 |
|
| 500 | _aBiblioteca Jacinto Martínez Lacalle. | ||
| 500 | _aBibliografía: p.209-217. Indice. | ||
| 650 | 4 |
_aLingüística. _914463 |
|
| 830 | 0 |
_aBiblioteca gráfica de la lengua española ; _v4 _9186951 |
|
| 852 |
_aES-MaACL _jE-12018 _bR.139982 |
||
| 999 |
_c133660 _d133660 |
||